• 首页
  • 本馆介绍
  • 公告通知
  • 最新文献
  • 馆藏检索
  • 电子资源
  • 读者导购
  • 参考咨询
  • 我的图书馆
  • 登录
  • 详细信息显示
  • 放入我的书架
  • 预约/预借图书
  • 作者相关作品
  • 分类相关作品
  • 丛书相关作品
  • 出版社相关作品

书目信息

  • 表格格式
  • 工作单格式
  • 卡片格式
题名:
自由写作法
    
 
作者: 埃尔伯 著 ;易颂 译
分册:  
出版信息: 北京   新华出版社  2024
页数: 438页
开本: 21cm
丛书名:
单 册:
中图分类: H052
科图分类:
主题词: 写作--方法
电子资源:
ISBN: 978-7-5166-6590-9
000 01191nam0 2200265 450
001 012024000245
005 20240924225235.0
010    @a978-7-5166-6590-9@dCNY59.00
100    @a20240924d2024 em y0chiy50 ea
101 1  @achi@ceng
102    @aCN@b110000
105    @ay z 000yy
106    @ar
200 1  @a自由写作法@Azi you xie zuo fa@dWriting with power@etechniques for mastering the writing process@f(美)彼得·埃尔伯(Peter Elbow)著@g易颂译@zeng
210    @a北京@c新华出版社@d2024
215    @a438页@d21cm
305    @a中文简体版权归属于新华出版社和东方巴别塔(北京)文化传媒有限公司
330    @a本书基于自由写作法,围绕写作与修改这两个步骤,作者详细介绍了八种写作方法、六种修改技巧,辩证地分析了写作过程中创造与批判的关系,就如何应对这种复杂关系给出了深思熟虑的写作建议,并强调了如何利用读者反馈来使作品更有吸引力,让读者产生体验感和共鸣。
510 1  @aWriting with power@etechniques for mastering the writing process@zeng
606 0  @a写作@x方法
690    @aH052@v5
701  0 @c(美)@a埃尔伯@Aai er bo@c(Elbow, Peter)@4著
702  0 @a易颂@Ayi song@4译
801  0 @aCN@bAHXH@c20240924
905    @b214139065@b214139074@b214139083@b214139092@b214139109@dH052@e280@f5
    
    自由写作法=Writing with power:techniques for mastering the writing process/(美)彼得·埃尔伯(Peter Elbow)著/易颂译.-北京:新华出版社,2024
    438页;21cm
    
    
    ISBN 978-7-5166-6590-9:CNY59.00
    本书基于自由写作法,围绕写作与修改这两个步骤,作者详细介绍了八种写作方法、六种修改技巧,辩证地分析了写作过程中创造与批判的关系,就如何应对这种复杂关系给出了深思熟虑的写作建议,并强调了如何利用读者反馈来使作品更有吸引力,让读者产生体验感和共鸣。
●
相关链接 在E读中查询图书 在五车中查询图书 在当当中查询图书 在豆瓣中查询图书


正题名:自由写作法     索取号:H052/280         预约/预借

序号 登录号 条形码 馆藏地/架位号 状态 备注
1 1413906   214139065   第二样本阅览室/ [索取号:H052/280] 在馆    
2 1413907   214139074   第四借阅区/ [索取号:H052/280] 在馆    
3 1413908   214139083   第四借阅区/ [索取号:H052/280] 在馆    
4 1413909   214139092   第四借阅区/ [索取号:H052/280] 在馆    
5 1413910   214139109   第四借阅区/ [索取号:H052/280] 在馆    
唐山师范学院图书馆 欢迎您!
大连网信软件有限公司© 版权所有